<?xml version="1.0" encoding="UTF-8"?><marc:collection xmlns:marc="http://www.loc.gov/MARC21/slim">
  <marc:record>
    <marc:leader>02599nas a2200469 c 4500</marc:leader>
    <marc:controlfield tag="001">010000879</marc:controlfield>
    <marc:controlfield tag="003">DE-101</marc:controlfield>
    <marc:controlfield tag="005">20250311204326.0</marc:controlfield>
    <marc:controlfield tag="007">tu</marc:controlfield>
    <marc:controlfield tag="008">991118d19311953ne u||p|  ||| 0||||1fre c</marc:controlfield>
    <marc:datafield tag="016" ind1="7" ind2=" ">
      <marc:subfield code="2">DE-600</marc:subfield>
      <marc:subfield code="a">111-9</marc:subfield>
    </marc:datafield>
    <marc:datafield tag="016" ind1="7" ind2=" ">
      <marc:subfield code="2">DE-101</marc:subfield>
      <marc:subfield code="a">010000879</marc:subfield>
    </marc:datafield>
    <marc:datafield tag="035" ind1=" " ind2=" ">
      <marc:subfield code="a">(DE-599)ZDB111-9</marc:subfield>
    </marc:datafield>
    <marc:datafield tag="035" ind1=" " ind2=" ">
      <marc:subfield code="a">(OCoLC)1367292828</marc:subfield>
    </marc:datafield>
    <marc:datafield tag="040" ind1=" " ind2=" ">
      <marc:subfield code="a">9001</marc:subfield>
      <marc:subfield code="b">ger</marc:subfield>
      <marc:subfield code="c">DE-101</marc:subfield>
      <marc:subfield code="d">9999</marc:subfield>
    </marc:datafield>
    <marc:datafield tag="041" ind1=" " ind2=" ">
      <marc:subfield code="a">fre</marc:subfield>
    </marc:datafield>
    <marc:datafield tag="042" ind1=" " ind2=" ">
      <marc:subfield code="a">zdb</marc:subfield>
    </marc:datafield>
    <marc:datafield tag="044" ind1=" " ind2=" ">
      <marc:subfield code="c">XA-NL</marc:subfield>
    </marc:datafield>
    <marc:datafield tag="082" ind1="7" ind2="4">
      <marc:subfield code="a">020</marc:subfield>
      <marc:subfield code="q">DE-600</marc:subfield>
      <marc:subfield code="2">22sdnb</marc:subfield>
    </marc:datafield>
    <marc:datafield tag="084" ind1=" " ind2=" ">
      <marc:subfield code="a">24,1</marc:subfield>
      <marc:subfield code="2">ssgn</marc:subfield>
    </marc:datafield>
    <marc:datafield tag="084" ind1=" " ind2=" ">
      <marc:subfield code="a">AN 10100</marc:subfield>
      <marc:subfield code="2">rvk</marc:subfield>
    </marc:datafield>
    <marc:datafield tag="110" ind1="2" ind2=" ">
      <marc:subfield code="0">(DE-588)1056832-3</marc:subfield>
      <marc:subfield code="0">https://d-nb.info/gnd/1056832-3</marc:subfield>
      <marc:subfield code="0">(DE-101)004346874</marc:subfield>
      <marc:subfield code="a">International Library Committee</marc:subfield>
      <marc:subfield code="e">Verfasser</marc:subfield>
      <marc:subfield code="4">aut</marc:subfield>
      <marc:subfield code="2">gnd</marc:subfield>
    </marc:datafield>
    <marc:datafield tag="245" ind1="1" ind2="0">
      <marc:subfield code="a">Actes du Comité International des Bibliothèques</marc:subfield>
    </marc:datafield>
    <marc:datafield tag="246" ind1="3" ind2=" ">
      <marc:subfield code="a">Actes du Comité International des Bibliothèques et du Conseil de la FIAB</marc:subfield>
    </marc:datafield>
    <marc:datafield tag="247" ind1="0" ind2="0">
      <marc:subfield code="a">Actes du Comité International des Bibliothèqes et du Conseil de la FIAB</marc:subfield>
      <marc:subfield code="f">Hauptsacht. teils</marc:subfield>
    </marc:datafield>
    <marc:datafield tag="247" ind1="0" ind2="0">
      <marc:subfield code="a">Proceedings of the International Library Committee and of the Council of IFLA</marc:subfield>
      <marc:subfield code="f">Teils mit Parallelsacht.</marc:subfield>
    </marc:datafield>
    <marc:datafield tag="247" ind1="0" ind2="0">
      <marc:subfield code="a">Actes // Comité International des Bibliothèques</marc:subfield>
      <marc:subfield code="f">Hauptsacht. 3.1930</marc:subfield>
    </marc:datafield>
    <marc:datafield tag="264" ind1="3" ind2="1">
      <marc:subfield code="a">La Haye</marc:subfield>
      <marc:subfield code="b">Nijhoff</marc:subfield>
      <marc:subfield code="c">1931-1953</marc:subfield>
    </marc:datafield>
    <marc:datafield tag="264" ind1="2" ind2="1">
      <marc:subfield code="3">anfangs</marc:subfield>
      <marc:subfield code="a">Uppsala</marc:subfield>
      <marc:subfield code="b">Almqvist &amp; Wiksell</marc:subfield>
    </marc:datafield>
    <marc:datafield tag="336" ind1=" " ind2=" ">
      <marc:subfield code="a">Text</marc:subfield>
      <marc:subfield code="b">txt</marc:subfield>
      <marc:subfield code="2">rdacontent</marc:subfield>
    </marc:datafield>
    <marc:datafield tag="337" ind1=" " ind2=" ">
      <marc:subfield code="a">ohne Hilfsmittel zu benutzen</marc:subfield>
      <marc:subfield code="b">n</marc:subfield>
      <marc:subfield code="2">rdamedia</marc:subfield>
    </marc:datafield>
    <marc:datafield tag="338" ind1=" " ind2=" ">
      <marc:subfield code="a">Band</marc:subfield>
      <marc:subfield code="b">nc</marc:subfield>
      <marc:subfield code="2">rdacarrier</marc:subfield>
    </marc:datafield>
    <marc:datafield tag="362" ind1="0" ind2=" ">
      <marc:subfield code="a">1.1928(1931) - 18.1952(1953)</marc:subfield>
    </marc:datafield>
    <marc:datafield tag="363" ind1="0" ind2="0">
      <marc:subfield code="8">1.1\x</marc:subfield>
      <marc:subfield code="a">1</marc:subfield>
      <marc:subfield code="i">1928</marc:subfield>
    </marc:datafield>
    <marc:datafield tag="363" ind1="1" ind2="0">
      <marc:subfield code="8">1.2\x</marc:subfield>
      <marc:subfield code="a">18</marc:subfield>
      <marc:subfield code="i">1952</marc:subfield>
    </marc:datafield>
    <marc:datafield tag="655" ind1=" " ind2="7">
      <marc:subfield code="0">(DE-588)4067488-5</marc:subfield>
      <marc:subfield code="0">https://d-nb.info/gnd/4067488-5</marc:subfield>
      <marc:subfield code="0">(DE-101)040674886</marc:subfield>
      <marc:subfield code="a">Zeitschrift</marc:subfield>
      <marc:subfield code="2">gnd-content</marc:subfield>
    </marc:datafield>
    <marc:datafield tag="710" ind1="2" ind2=" ">
      <marc:subfield code="0">(DE-588)42056-6</marc:subfield>
      <marc:subfield code="0">https://d-nb.info/gnd/42056-6</marc:subfield>
      <marc:subfield code="0">(DE-101)000420565</marc:subfield>
      <marc:subfield code="a">International Federation of Library Associations</marc:subfield>
      <marc:subfield code="b">General Council</marc:subfield>
      <marc:subfield code="e">Herausgebendes Organ</marc:subfield>
      <marc:subfield code="4">isb</marc:subfield>
      <marc:subfield code="2">gnd</marc:subfield>
    </marc:datafield>
    <marc:datafield tag="785" ind1="0" ind2="0">
      <marc:subfield code="i">Forts.:</marc:subfield>
      <marc:subfield code="a">International Federation of Library Associations / General Council</marc:subfield>
      <marc:subfield code="t">Actes du Conseil Général / Fédération Internationale des Associations de Bibliothécaires</marc:subfield>
      <marc:subfield code="d">La Haye [u.a.] : Nijhoff, 1953-1969</marc:subfield>
      <marc:subfield code="w">(DE-600)209521-X</marc:subfield>
      <marc:subfield code="w">(DE-101)011213221</marc:subfield>
    </marc:datafield>
    <marc:datafield tag="787" ind1="0" ind2="8">
      <marc:subfield code="i">1-2=1; 3=2; 4=3; 5=4; 6=5; 7=6; 8=7; 9=8; 10=9; 11=10; 12=11; 13=12; 14=13; 15=14; 16=15; 17=16; 18=17; Index 1/29.1928/64=30 von</marc:subfield>
      <marc:subfield code="a">International Federation of Library Associations</marc:subfield>
      <marc:subfield code="t">Publications / Fédération Internationale des Associations de Bibliothécaires</marc:subfield>
      <marc:subfield code="d">La Haye [u.a.] : Nijhoff [u.a.], 1931-1969</marc:subfield>
      <marc:subfield code="w">(DE-600)209519-1</marc:subfield>
      <marc:subfield code="w">(DE-101)011213213</marc:subfield>
    </marc:datafield>
    <marc:datafield tag="787" ind1="0" ind2="8">
      <marc:subfield code="i">3=17,Beil. von</marc:subfield>
      <marc:subfield code="t">Nordisk tidskrift för bok- och biblioteksväsen</marc:subfield>
      <marc:subfield code="d">Oslo [u.a.] : Scandinavian Univ. Press, 1914-1997</marc:subfield>
      <marc:subfield code="x">0029-148X</marc:subfield>
      <marc:subfield code="w">(DE-600)204379-8</marc:subfield>
      <marc:subfield code="w">(DE-101)011169850</marc:subfield>
    </marc:datafield>
    <marc:datafield tag="850" ind1=" " ind2=" ">
      <marc:subfield code="a">DE-101a</marc:subfield>
      <marc:subfield code="a">DE-101b</marc:subfield>
    </marc:datafield>
    <marc:datafield tag="889" ind1=" " ind2=" ">
      <marc:subfield code="w">(DE-101)560000383</marc:subfield>
    </marc:datafield>
  </marc:record>
</marc:collection>
